El mundo de las ciencias naturales : curso teórico práctico /

Guardado en:
Formato: Libro
Publicado: Barcelona : Oceano, 0
Materias:
Etiquetas: Agregar Etiqueta
Sin Etiquetas, Sea el primero en etiquetar este registro!
LEADER 00559nam a22001935a 4500
001 CEM.cems004728
005 20060217000000.0
008 130507b######################000#0#####d
003 CEMS
082 0 4 |a C570 
245 0 0 |a El mundo de las ciencias naturales :  |b curso teórico práctico / 
260 |a Barcelona :  |b Oceano, 0 
300 |a 254 p. 
653 |a Algas 
653 |a Ciencias naturales 
653 |a Cormofitas-raiz-tallo-hoja 
653 |a Donacion c. basico 
653 |a Ecologia 
859 |a CEMS  |b BIB. CEMS - 11 de abril  |h C570  |i Oc2/  |p 16571.92  |t Ej.1  |v 3  |3 3